Alfonso López Michelsen : (Registro nro. 6241)
[ vista simple ]
| 000 -LEADER | |
|---|---|
| fixed length control field | 00816nam a2200217Ia 4500 |
| 003 - CONTROL NUMBER IDENTIFIER | |
| control field | OSt |
| 005 - DATE AND TIME OF LATEST TRANSACTION | |
| control field | 20200925181213.0 |
| 008 - FIXED-LENGTH DATA ELEMENTS--GENERAL INFORMATION | |
| fixed length control field | 191128s1985 ck gr 000 0 spa d |
| 040 ## - CATALOGING SOURCE | |
| Original cataloging agency | CO-JMCR |
| Transcribing agency | CO-JMCR |
| 041 0# - LANGUAGE CODE | |
| Language code of text/sound track or separate title | spa |
| 082 04 - DEWEY DECIMAL CLASSIFICATION NUMBER | |
| Classification number | 923.2 / |
| Item number | A723a |
| Edition number | 23 |
| 100 1# - MAIN ENTRY--PERSONAL NAME | |
| Personal name | Ardila Duarte, Benjamín, |
| Relator term | compilador |
| 9 (RLIN) | 10894 |
| 245 10 - TITLE STATEMENT | |
| Title | Alfonso López Michelsen : |
| Remainder of title | obras selectas / |
| Statement of responsibility, etc. | compilación y ordenamiento, Benjamín Ardila Duarte y Alberto Camilo Suarez de la Cruz |
| 260 ## - PUBLICATION, DISTRIBUTION, ETC. | |
| Place of publication, distribution, etc. | Bogotá : |
| Name of publisher, distributor, etc. | Cámara de Representantes, |
| Date of publication, distribution, etc. | 1985 |
| 300 ## - PHYSICAL DESCRIPTION | |
| Extent | 4 volúmenes ; |
| Dimensions | 25 cm. |
| 490 0# - SERIES STATEMENT | |
| Series statement | Pensadores políticos colombianos ; |
| Volume/sequential designation | 20 |
| 600 1# - SUBJECT ADDED ENTRY--PERSONAL NAME | |
| Personal name | López Michelsen, Alfonso, |
| Dates associated with a name | 1913-2007 |
| 9 (RLIN) | 10895 |
| 650 14 - SUBJECT ADDED ENTRY--TOPICAL TERM | |
| Topical term or geographic name entry element | Colecciones de escritos |
| 9 (RLIN) | 10896 |
| 700 1# - ADDED ENTRY--PERSONAL NAME | |
| Personal name | Suarez de la Cruz, Alberto Camilo, |
| Relator term | compilador |
| 9 (RLIN) | 10897 |
| 942 ## - ADDED ENTRY ELEMENTS (KOHA) | |
| Source of classification or shelving scheme | Dewey Decimal Classification |
| Koha item type | Books |
| Withdrawn status | Lost status | Source of classification or shelving scheme | Damaged status | Not for loan | Collection code | Home library | Current library | Date acquired | Source of acquisition | Full call number | Barcode | Date last seen | Copy number | Koha item type | Total Checkouts | Price effective from |
|---|---|---|---|---|---|---|---|---|---|---|---|---|---|---|---|---|
| Dewey Decimal Classification | Non-fiction | Biblioteca Pública José María del Castillo y Rada | Biblioteca Pública José María del Castillo y Rada | 04/15/2018 | Donación | 923.2 / A723a | 430012257 | 05/16/2024 | V.1 / Ej.1 | Books | ||||||
| Dewey Decimal Classification | Non-fiction | Biblioteca Pública José María del Castillo y Rada | Biblioteca Pública José María del Castillo y Rada | 04/15/2018 | Donación | 923.2 / A723a | 430012258 | 05/16/2024 | V.2 / Ej.1 | Books | 09/25/2020 | |||||
| Dewey Decimal Classification | Non-fiction | Biblioteca Pública José María del Castillo y Rada | Biblioteca Pública José María del Castillo y Rada | 04/15/2018 | Donación | 923.2 / A723a | 430012259 | 05/16/2024 | V.3 / Ej.1 | Books | 09/25/2020 | |||||
| Dewey Decimal Classification | Non-fiction | Biblioteca Pública José María del Castillo y Rada | Biblioteca Pública José María del Castillo y Rada | 04/15/2018 | Donación | 923.2 / A723a | 430012260 | 05/16/2024 | V.4 / Ej.1 | Books | 09/25/2020 |